<?xml version="1.0" encoding="UTF-8"?>
<collection xmlns="http://www.loc.gov/MARC21/slim">
 <record>
  <leader>01099pamaa2200205   4500</leader>
  <controlfield tag="001">0000047003</controlfield>
  <controlfield tag="005">20121206090000.0</controlfield>
  <controlfield tag="008">100428                             eng  </controlfield>
  <datafield tag="020" ind1="0" ind2="0">
   <subfield code="a">9780137075294 (pbk.) </subfield>
  </datafield>
  <datafield tag="090" ind1="0" ind2="0">
   <subfield code="a">QD33.2 </subfield>
   <subfield code="b">SUC 2011</subfield>
  </datafield>
  <datafield tag="100" ind1="1" ind2="0">
   <subfield code="a">Suchocki </subfield>
  </datafield>
  <datafield tag="245" ind1="1" ind2="0">
   <subfield code="a">Conceptual chemistry : </subfield>
   <subfield code="b">understanding our world of atoms and molecules  </subfield>
   <subfield code="c">John Suchocki.</subfield>
  </datafield>
  <datafield tag="250" ind1="0" ind2="0">
   <subfield code="a">4th ed.</subfield>
  </datafield>
  <datafield tag="260" ind1="0" ind2="0">
   <subfield code="a">San Francisco, CA: </subfield>
   <subfield code="b">Pearson Education, </subfield>
   <subfield code="c">2011.</subfield>
  </datafield>
  <datafield tag="300" ind1=" " ind2=" ">
   <subfield code="a">xxii, 577, [60] p.: </subfield>
   <subfield code="b">ill. (chiefly col.); </subfield>
   <subfield code="c">29 cm.</subfield>
  </datafield>
  <datafield tag="501" ind1="0" ind2="0">
   <subfield code="a">AUP</subfield>
  </datafield>
  <datafield tag="504" ind1="0" ind2="0">
   <subfield code="a">Includes bibliographical references and index</subfield>
  </datafield>
  <datafield tag="505" ind1="0" ind2="0">
   <subfield code="a">About science -- Particles of matter -- Elements of chemistry -- Subatomic particles -- The atomic nucleus -- How atoms bond -- How molecules mix -- How water behaves -- How chemicals react -- Acids and bases in our environment -- Oxidations and reductions charge the world -- Organic compounds -- The nutrients of life -- Medicinal chemistry -- Optimizing food production -- Protecting water and air resources -- Capturing energy</subfield>
  </datafield>
  <datafield tag="650" ind1="0" ind2="0">
   <subfield code="a">Chemistry -- </subfield>
   <subfield code="x">Textbooks </subfield>
  </datafield>
  <datafield tag="901" ind1=" " ind2=" ">
   <subfield code="u">http://www.aw-bc.com</subfield>
  </datafield>
 </record>
</collection>
